[Iniciació al tennis] [Objecte]
Publicado:
Barcelona :
Federació Catalana de Tennis, Diputació de Barcelona. Servei d'Esports, [1986]
Descripción Física:
1 carpeta ; 32 cm
MARC
| LEADER | 00000nam a2200000Ia 4500 | ||
|---|---|---|---|
| 001 | 23593 | ||
| 003 | BGR | ||
| 005 | 20260324180143.0 | ||
| 008 | 160829s9999 xx 000 0 cat d | ||
| 080 | |a NBM-6-9 | ||
| 245 | |a [Iniciació al tennis] [Objecte] | ||
| 260 | |a Barcelona : |b Federació Catalana de Tennis, Diputació de Barcelona. Servei d'Esports, [1986] | ||
| 300 | |a 1 carpeta ; |c 32 cm | ||
| 590 | |a Conté: 3 cartells de diferents mides 'IV curset d'iniciació al tennis, estiu 86', 6 adhesius 'Una raqueta, una llicència', 1 díptic 'Estiu '86, 5000 infants s'iniciaran en aquest esport a les nostres comarques'. | ||
| 710 | 1 | |a Barcelona (Catalunya : Província). |b Servei d'Esports |9 53772 | |
| 710 | 2 | |a Federació Catalana de Tennis |9 70942 | |
| 901 | |a Arxiu | ||
| 942 | |n 1 |2 udc |c MON | ||
| 952 | |0 0 |1 0 |4 0 |6 NBM69 |7 1 |9 54227 |a Arxiu |b Arxiu |d 2012-08-14 |l 0 |o NBM-6-9 |p 23593 |r 2016-12-01 00:00:00 |w 2016-12-01 |y ARXIU | ||
| 999 | |c 58096 |d 58096 | ||